En Cuba /

Guardado en:
Bibliografiske detaljer
Hovedforfatter: Cardenal, Ernesto
Format: Bog
Sprog:Spanish
Udgivet: Buenos Aires, Argentina : Ediciones Carlos Lohlé, 1973
Udgivelse:7. edición
Fag:
Tags: Tilføj Tag
Ingen Tags, Vær først til at tagge denne postø!

MARC

LEADER 00000cam a2200000 4500
001 4095978
005 20140903062546.0
008 740426s1973 a 000 0 spa d
040 |a DLC  |c DLC  |d DLC  |d CIICLA 
041 1 |a engspa 
082 0 0 |a 917.291  |b C266i7 
100 1 |a Cardenal, Ernesto. 
245 1 0 |a En Cuba /  |c Ernesto Cardenal  
250 |a 7. edición 
260 |a Buenos Aires, Argentina :  |b Ediciones Carlos Lohlé,  |c 1973 
300 |a xi, 369 páginas 
651 0 |a CUBA  |x VIAJES Y DESCRIPCIONES 
651 0 |a CUBA  |x POLITICA Y GOBIERNO  |y 1959-1990. 
942 |2 ddc  |c BK 
999 |c 3442  |d 3442